La mano sinistra delle tenebre /

Guardat en:
Dades bibliogràfiques
Autor principal: Le Guin, Ursula K.
Format: Llibre
Publicat: Bologna Libra 1977
Edició:2. ed.
Col·lecció:Gli slan
Etiquetes: Afegir etiqueta
Sense etiquetes, Sigues el primer a etiquetar aquest registre!

MARC

LEADER 00000nam a22000001i 4500
001 CDOM0000002428
003 mi
005 20250921133410.0
008 130117s1977 it |||||| ||||| |||||c
040 |c mi 
100 |a Le Guin, Ursula K. 
245 1 |a La mano sinistra delle tenebre /  |c Ursula K. Le Guin 
250 |a 2. ed. 
260 |a Bologna  |b Libra  |c 1977 
300 |a 318 p.  |c 21 cm. 
490 |a Gli slan 
500 |a Volume con sovracoperta; la Biblioteca possiede anche il teso in versione originale 
942 |2 ddc  |c BK 
952 |0 0  |1 0  |2 ddc  |4 0  |6 B_LNR02LEGURMAN11  |7 0  |9 5984  |a MI  |b MI  |d 1987-11-02  |i 659  |l 0  |o B-LNR02-LEGUR-MAN11  |p CDOM659  |r 2025-07-13 16:28:00  |w 2025-07-13  |x ACQUISTO  |y BK 
952 |0 0  |1 0  |2 ddc  |4 0  |6 B_LNR02LEGURMAN12  |7 0  |9 5985  |a MI  |b MI  |d 1988-02-29  |i 862  |l 0  |o B-LNR02-LEGUR-MAN12  |p CDOM862  |r 2025-07-13 16:28:00  |w 2025-07-13  |x ACQUISTO  |y BK 
999 |c 4781  |d 4781